Životné poistenie a jeho súčasný vývoj

Životné poistné riešenia v súčasnosti. Životné poistenie ako doplnok dôchodkového systému. Vývoj v oblasti životného poistenia. Poistenie a riziká. Teória stanovenia výšky poistného pri životnom poistení. Praktický pohľad na sadzbu poistného pri životnom poistení. Sadzby poistenia pri rôznych produk...

ver descrição completa

Na minha lista:
Detalhes bibliográficos
Autor principal: Košík, Oto
Formato: Capítulo de Livro
Idioma:eslovaco
Assuntos:
Tags: Adicionar Tag
Sem tags, seja o primeiro a adicionar uma tag!

MARC

LEADER 00000naa$a2200000$$$4500
001 0112814
005 20231116102753.5
041 0 |a slo 
044 |a SK 
245 1 0 |a Životné poistenie a jeho súčasný vývoj  |c Oto Košík 
520 |a Životné poistné riešenia v súčasnosti. Životné poistenie ako doplnok dôchodkového systému. Vývoj v oblasti životného poistenia. Poistenie a riziká. Teória stanovenia výšky poistného pri životnom poistení. Praktický pohľad na sadzbu poistného pri životnom poistení. Sadzby poistenia pri rôznych produktoch neživotného poistenia. Životné poistenie ako efektívna forma krytia vytypovaných rizík. 
610 2 0 |a poistenie životné 
610 2 0 |a riziko 
610 2 0 |a poistné 
610 2 0 |a poistníci 
610 2 0 |a poisťovatelia 
610 2 0 |a poistenie neživotné 
610 2 0 |a poisťovne komerčné 
100 1 |a Košík, Oto